[Event "4NCL/Div2/SL2-NID"]
[Site "Rd1-Birmingham"]
[Date "1999.10.09"]
[Round "1.1"]
[White "Houska, Jovanka"]
[Black "Fish, Andrew"]
[Result "0-1"]
[WhiteElo "2251"]
[BlackElo "2116"]
[PlyCount "72"]
[EventDate "1999.10.09"]
[Source "Britbase"]
[SourceDate "2000.01.01"]

1. e4 e6 2. Nc3 d5 3. Nf3 Nf6 4. e5 Nfd7 5. d4 c5 6. Bb5 Nc6 7. O-O Qb6 8. dxc5
Bxc5 9. Qe2 a6 10. Bd3 Nd4 11. Nxd4 Bxd4 12. Bf4 Qxb2 13. Nxd5 exd5 14. e6 Nf6
15. Rab1 Qa3 16. c3 Bc5 17. exf7+ Kxf7 18. Qf3 Re8 19. Bg5 Be7 20. Bxf6 Bxf6
21. Qh5+ Kf8 22. Qxh7 Re5 23. Bg6 b5 24. f4 Qc5+ 25. Kh1 Re3 26. Qh8+ Ke7 27.
Rbe1 Bb7 28. Qh3 Rxe1 29. Rxe1+ Kd6 30. Qe6+ Kc7 31. Qf7+ Kb6 32. a4 Qxc3 33.
a5+ Kxa5 34. Rf1 Kb4 35. h3 a5 36. Rf2 Qe1+ 0-1

[Event "4NCL/Div2/SL2-NID"]
[Site "Rd1-Birmingham"]
[Date "1999.10.09"]
[Round "1.2"]
[White "Johnston, Dafydd"]
[Black "Tucker, Alex"]
[Result "1/2-1/2"]
[WhiteElo "2170"]
[BlackElo "2213"]
[PlyCount "43"]
[EventDate "1999.10.09"]
[Source "Britbase"]
[SourceDate "2000.01.01"]

1. e4 e6 2. d4 d5 3. Nc3 Bb4 4. e5 c5 5. a3 Bxc3+ 6. bxc3 Ne7 7. Nf3 Bd7 8.
dxc5 Ba4 9. Rb1 Nd7 10. Rxb7 Nxc5 11. Rb4 Qa5 12. Be3 Ne4 13. Nd4 Bd7 14. Bd3
O-O 15. O-O Qc7 16. c4 a5 17. cxd5 axb4 18. d6 Nxd6 19. Nxe6 Bxe6 20. exd6 Qd7
21. dxe7 Qxe7 22. axb4 1/2-1/2

[Event "4NCL/Div2/SL2-NID"]
[Site "Rd1-Birmingham"]
[Date "1999.10.09"]
[Round "1.3"]
[White "Richmond, Robert"]
[Black "Jones, Richard S"]
[Result "1-0"]
[WhiteElo "2237"]
[BlackElo "2052"]
[PlyCount "61"]
[EventDate "1999.10.09"]
[Source "Britbase"]
[SourceDate "2000.01.01"]

1. d4 Nf6 2. c4 g6 3. Nc3 Bg7 4. e4 O-O 5. f3 d6 6. Bg5 h6 7. Be3 c5 8. d5 e6
9. dxe6 fxe6 10. Qd2 Kh7 11. Rd1 Qb6 12. Bd3 Nc6 13. Bb1 Ne8 14. Nge2 Ne5 15.
b3 Rxf3 16. Bf4 Rxf4 17. Nxf4 Qd8 18. O-O a6 19. Nce2 b5 20. Nd3 Nd7 21. Kh1
Qe7 22. e5 Bxe5 23. Nef4 Qh4 24. Nxe5 Nxe5 25. Nxg6 Nxg6 26. Rf7+ Ng7 27. Qc3
e5 28. Rxd6 Be6 29. Rxe6 Rd8 30. Bxg6+ Kh8 31. Rd6 1-0

[Event "4NCL/Div2/SL2-NID"]
[Site "Rd1-Birmingham"]
[Date "1999.10.09"]
[Round "1.4"]
[White "Cleveland, Richard"]
[Black "Armstrong, Malcolm"]
[Result "1/2-1/2"]
[WhiteElo "2010"]
[BlackElo "2152"]
[PlyCount "62"]
[EventDate "1999.10.09"]
[Source "Britbase"]
[SourceDate "2000.01.01"]

1. d4 d5 2. Nf3 Nf6 3. Bg5 e6 4. Nbd2 Be7 5. e3 O-O 6. Bd3 Nbd7 7. O-O c5 8. c3
h6 9. Bh4 b6 10. a4 Bb7 11. Qe2 Ne4 12. Bxe7 Qxe7 13. Ne5 Nxd2 14. Qxd2 Nxe5
15. dxe5 a5 16. f4 Rfd8 17. Qf2 f5 18. h3 Bc6 19. b3 Ra7 20. g4 g6 21. gxf5
gxf5 22. Kh2 Kh7 23. Rg1 Raa8 24. Rg3 Rg8 25. Rag1 Qf7 26. Rxg8 Rxg8 27. Rxg8
Qxg8 28. Qh4 d4 29. Qe7+ Kh8 30. Qf6+ Kh7 31. Qe7+ Kh8 1/2-1/2

[Event "4NCL/Div2/SL2-NID"]
[Site "Rd1-Birmingham"]
[Date "1999.10.09"]
[Round "1.5"]
[White "Ghasi, Ameet"]
[Black "Sinnett, Glyn"]
[Result "1-0"]
[WhiteElo "2032"]
[BlackElo "1900"]
[PlyCount "103"]
[EventDate "1999.10.09"]
[Source "Britbase"]
[SourceDate "2000.01.01"]

1. Nf3 c5 2. b3 Nf6 3. g3 g6 4. Bb2 Bg7 5. Bg2 O-O 6. O-O Nc6 7. d3 d6 8. e4 e5
9. Nbd2 h6 10. a4 Be6 11. Nc4 Qc7 12. Re1 Rac8 13. Nfd2 Rfe8 14. Ne3 Nb4 15.
Ndc4 Kh7 16. f4 exf4 17. gxf4 Nd7 18. Bxg7 Kxg7 19. Qd2 Nc6 20. Rf1 Nd4 21. Qf2
Rf8 22. f5 Bxc4 23. f6+ Kh7 24. bxc4 Ne5 25. Qd2 Qd7 26. Kh1 Rce8 27. Rf4 Rh8
28. Nd5 g5 29. Rff1 Ng6 30. Rf2 Re5 31. Qe3 Nf4 32. Nxf4 gxf4 33. Qxf4 Rg5 34.
Qe3 Rhg8 35. Bh3 Qe8 36. c3 Nc6 37. Bf5+ Kh8 38. h4 Rh5 39. Rh2 Qe5 40. Rf1
Qxf6 41. Qh3 Qe7 42. Bg4 Re5 43. Rhf2 Nd8 44. Bf5 Qf6 45. Bh7 Qxf2 46. Rxf2
Kxh7 47. d4 Re6 48. Qf5+ Kh8 49. e5 dxe5 50. d5 Reg6 51. Qxe5+ f6 52. Qf4 1-0

[Event "4NCL/Div2/SL2-NID"]
[Site "Rd1-Birmingham"]
[Date "1999.10.09"]
[Round "1.7"]
[White "Hunt, Malcolm"]
[Black "Tabatabai, John"]
[Result "1-0"]
[WhiteElo "1984"]
[BlackElo "1865"]
[PlyCount "73"]
[EventDate "1999.10.09"]
[Source "Britbase"]
[SourceDate "2000.01.01"]

1. d4 d6 2. c4 e5 3. e3 Nd7 4. Nc3 g6 5. Nf3 Bg7 6. Be2 Ne7 7. O-O O-O 8. b3
exd4 9. exd4 Nc6 10. Bg5 Bf6 11. Bxf6 Nxf6 12. d5 Ne7 13. Nd4 a5 14. g4 Nd7 15.
f4 Nc5 16. f5 g5 17. Qd2 h6 18. h4 f6 19. Ne6 Bxe6 20. fxe6 Ng6 21. h5 Ne5 22.
Rf5 Kg7 23. Qc2 Qe7 24. Nb5 Kh8 25. Nd4 Rae8 26. Raf1 Qg7 27. Kg2 Re7 28. Kh3
Ree8 29. Nf3 Nxf3 30. R1xf3 b6 31. Bd1 Qe7 32. Qe2 Kg7 33. Bc2 Ra8 34. Bb1 Rae8
35. Qc2 Nxe6 36. dxe6 Qxe6 37. Rxg5+ 1-0

[Event "4NCL/Div2/SL2-NID"]
[Site "Rd1-Birmingham"]
[Date "1999.10.09"]
[Round "1.8"]
[White "Hammond, Rhiannon"]
[Black "Laurence, Adrian"]
[Result "1-0"]
[WhiteElo "1465"]
[BlackElo "1656"]
[PlyCount "121"]
[EventDate "1999.10.09"]
[Source "Britbase"]
[SourceDate "2000.01.01"]

1. e4 d5 2. exd5 Nf6 3. c4 e6 4. dxe6 Bxe6 5. Nc3 Nc6 6. Nf3 Bc5 7. Be2 O-O 8.
O-O Bf5 9. d3 Bb4 10. a3 Bxc3 11. bxc3 Qd7 12. Bg5 Ng4 13. h3 Nge5 14. d4 Ng6
15. Qd2 f6 16. Be3 Na5 17. Rad1 c6 18. d5 b6 19. Nd4 Ne5 20. Nxf5 Qxf5 21. dxc6
Nexc6 22. Qd5+ Qxd5 23. cxd5 Ne5 24. Rd4 Rac8 25. f4 Nec4 26. Bxc4 Rxc4 27.
Rxc4 Nxc4 28. Bc1 Rc8 29. Rd1 Nd6 30. Rd3 Kf7 31. Kf1 Ne4 32. Bb2 f5 33. Ke2 b5
34. Ke3 Rc4 35. Rd4 Nd6 36. Kd3 Rc7 37. Kc2 Nc4 38. a4 a6 39. axb5 axb5 40. Kb3
Nd6 41. Ba3 Nc4 42. d6 Rd7 43. Bc5 Na5+ 44. Ka3 Nc6 45. Rd1 Kf6 46. Kb3 g6 47.
c4 bxc4+ 48. Kxc4 Kf7 49. Re1 Kf6 50. Kd5 Nd8 51. Re7 Rb7 52. Rxb7 Nxb7 53. Kc6
Nd8+ 54. Kd7 Ne6 55. Be3 Kf7 56. Kc8 h6 57. d7 g5 58. d8=Q Nxd8 59. Kxd8 Kg6
60. Ke7 g4 61. Ke6 1-0

[Event "4NCL/Div2/WES-IKHH2"]
[Site "Rd1-Birmingham"]
[Date "1999.10.09"]
[Round "1.1"]
[White "Rossiter, Philip"]
[Black "Gurr, Lyndon"]
[Result "1-0"]
[WhiteElo "2369"]
[BlackElo "2048"]
[PlyCount "89"]
[EventDate "1999.10.09"]

1. e4 e6 2. d4 d5 3. exd5 exd5 4. Nf3 Bd6 5. c4 c6 6. Nc3 Ne7 7. Bd3 Nd7 8. O-O
dxc4 9. Bxc4 Nb6 10. Bb3 Nbd5 11. Bg5 f6 12. Bh4 O-O 13. Re1 Kh8 14. Nxd5 Nxd5
15. Bxd5 cxd5 16. Qb3 b6 17. Bg3 Bg4 18. Nd2 Rc8 19. Rac1 Re8 20. Nf1 Bxg3 21.
hxg3 Qd6 22. Rxe8+ Rxe8 23. Ne3 Be6 24. Qc3 Kg8 25. Qc7 Qe7 26. a3 Kf7 27. Qf4
Rd8 28. Rc7 Rd7 29. Rc3 Rd6 30. Qf3 Kf8 31. Qh5 h6 32. Qg6 Kg8 33. Qc2 Kf7 34.
Nd1 Bg4 35. Re3 Re6 36. Rxe6 Qxe6 37. Ne3 h5 38. Qc7+ Kg6 39. Qxa7 Qe4 40. Qxb6
Qb1+ 41. Kh2 Qe1 42. Nxd5 Qxf2 43. Ne7+ Kg5 44. Qb5+ Kh6 45. Qd3 1-0

[Event "4NCL/Div2/WES-IKHH2"]
[Site "Rd1-Birmingham"]
[Date "1999.10.09"]
[Round "1.2"]
[White "Lock, Gavin"]
[Black "Simons, Martin"]
[Result "1/2-1/2"]
[WhiteElo "2103"]
[BlackElo "2264"]
[PlyCount "48"]
[EventDate "1999.10.09"]

1. Nf3 d6 2. e4 e5 3. d4 exd4 4. Nxd4 g6 5. Nc3 Bg7 6. Be3 Nf6 7. f3 O-O 8. Qd2
Re8 9. O-O-O Nbd7 10. Kb1 a6 11. Bg5 Ne5 12. h4 h5 13. Be2 b5 14. g4 hxg4 15.
f4 b4 16. Nd5 Nxe4 17. Bxd8 Nxd2+ 18. Rxd2 Rxd8 19. fxe5 dxe5 20. Nc6 Rd6 21.
Nde7+ Kf8 22. Rxd6 cxd6 23. Nxc8 Rxc8 24. Nxb4 a5 1/2-1/2

[Event "4NCL/Div2/WES-IKHH2"]
[Site "Rd1-Birmingham"]
[Date "1999.10.09"]
[Round "1.3"]
[White "Yeo, Michael"]
[Black "Mills, Natalie"]
[Result "1/2-1/2"]
[WhiteElo "2201"]
[BlackElo "2010"]
[PlyCount "43"]
[EventDate "1999.10.09"]

1. e4 e5 2. Nc3 Nf6 3. f4 d5 4. exd5 exf4 5. Qf3 Bd6 6. Bb5+ Bd7 7. Bxd7+ Qxd7
8. Nge2 O-O 9. O-O g5 10. d4 c6 11. g3 g4 12. Qd3 f3 13. Bh6 Re8 14. dxc6 Nxc6
15. Qb5 Be5 16. dxe5 Rxe5 17. Qc4 fxe2 18. Nxe2 Re4 19. Qc5 Qd5 20. Qxd5 Nxd5
21. Rf5 Rxe2 22. Rg5+ 1/2-1/2

[Event "4NCL/Div2/WES-IKHH2"]
[Site "Rd1-Birmingham"]
[Date "1999.10.09"]
[Round "1.4"]
[White "Stille, Alex"]
[Black "Neil, David"]
[Result "1/2-1/2"]
[WhiteElo "1768"]
[BlackElo "2244"]
[PlyCount "81"]
[EventDate "1999.10.09"]

1. e4 Nf6 2. e5 Nd5 3. d4 d6 4. c4 Nb6 5. exd6 cxd6 6. Nc3 g6 7. Be3 Bg7 8. Be2
Nc6 9. Rc1 O-O 10. a3 Bf5 11. Nf3 d5 12. c5 Nc4 13. Nxd5 Nxe3 14. Nxe3 Nxd4 15.
Nxf5 Nxf5 16. b4 Bb2 17. Rb1 Bc3+ 18. Kf1 Qxd1+ 19. Bxd1 a5 20. Bb3 axb4 21.
axb4 Bxb4 22. Bxf7+ Rxf7 23. Rxb4 Ra1+ 24. Ne1 Ne3+ 25. Ke2 Nxg2 26. Rxb7 Nf4+
27. Kd2 Rf5 28. c6 Rc5 29. Nd3 Ra2+ 30. Ke3 Nxd3 31. Kxd3 Rxc6 32. Rxe7 Rxf2
33. Rb1 Rcf6 34. Rb8+ Rf8 35. Rbb7 R8f7 36. Rxf7 Rxf7 37. Rb2 Re7 38. Rb4 Kg7
39. h4 h6 40. Rb6 Kf7 41. h5 1/2-1/2

[Event "4NCL/Div2/BCCA-KH"]
[Site "Rd2-Birmingham"]
[Date "1999.10.10"]
[Round "2.1"]
[White "Toothill, John"]
[Black "Kwiatkowski, Feliks"]
[Result "0-1"]
[WhiteElo "2226"]
[BlackElo "2229"]
[PlyCount "34"]
[EventDate "1999.10.10"]
[Source "Britbase"]
[SourceDate "2000.01.01"]

1. e4 e6 2. d4 d5 3. exd5 exd5 4. Bd3 c5 5. c3 Nc6 6. Ne2 cxd4 7. Nxd4 Nxd4 8.
cxd4 Nf6 9. O-O Be7 10. Nc3 O-O 11. Bg5 Be6 12. Qb3 h6 13. Bh4 Rb8 14. Rac1 b5
15. Bg3 Rb7 16. a4 b4 17. Ba6 Rb6 0-1

[Event "4NCL/Div2/BCCA-KH"]
[Site "Rd2-Birmingham"]
[Date "1999.10.10"]
[Round "2.3"]
[White "Gough, Michael"]
[Black "Mackenzie, Colin"]
[Result "1-0"]
[WhiteElo "2135"]
[BlackElo "2138"]
[PlyCount "93"]
[EventDate "1999.10.10"]
[Source "Britbase"]
[SourceDate "2000.01.01"]

1. d4 e6 2. c4 Nf6 3. Nf3 b6 4. g3 Ba6 5. b3 Bb4+ 6. Bd2 Be7 7. Nc3 Bb7 8. Bg2
c5 9. dxc5 bxc5 10. O-O O-O 11. Bf4 d5 12. Ne5 Na6 13. Rc1 Qc8 14. cxd5 Rd8 15.
e4 exd5 16. Nxd5 Nxd5 17. exd5 Nb4 18. Nxf7 Kxf7 19. Qh5+ Kg8 20. Bh3 Rxd5 21.
Bxc8 Rxh5 22. Bxb7 Rd8 23. Bf3 Rf5 24. Be4 Rff8 25. Rc4 Nxa2 26. Ra1 Nb4 27.
Rxa7 Bf6 28. Be3 Nd3 29. Bxd3 Rxd3 30. Bxc5 Rb8 31. b4 Rc8 32. Re4 Rb3 33. Kg2
h6 34. Ra2 Kf7 35. Re3 Rb1 36. Raa3 Rb8 37. Rab3 Rc1 38. Red3 Ke8 39. Be3 Rc4
40. b5 Rb7 41. Rd5 Rc2 42. Kf3 Kf7 43. Rc5 Rxc5 44. Bxc5 Ke6 45. Ke4 g6 46. b6
Bd8 47. f4 1-0

[Event "4NCL/Div2/BCCA-KH"]
[Site "Rd2-Birmingham"]
[Date "1999.10.10"]
[Round "2.4"]
[White "Pearce, Robin"]
[Black "Wise, David"]
[Result "1/2-1/2"]
[WhiteElo "2147"]
[BlackElo "2150"]
[PlyCount "21"]
[EventDate "1999.10.10"]
[Source "Britbase"]
[SourceDate "2000.01.01"]

1. Nf3 d5 2. c4 e6 3. g3 Nf6 4. Bg2 Be7 5. O-O O-O 6. d4 dxc4 7. Qa4 a6 8. Qxc4
b5 9. Qc2 Bb7 10. Nc3 Nbd7 11. a3 1/2-1/2

[Event "4NCL/Div2/BCCA-KH"]
[Site "Rd2-Birmingham"]
[Date "1999.10.10"]
[Round "2.5"]
[White "Hall, Richard"]
[Black "Compton, Alistair"]
[Result "1-0"]
[WhiteElo "2120"]
[BlackElo "2093"]
[PlyCount "133"]
[EventDate "1999.10.10"]
[Source "Britbase"]
[SourceDate "2000.01.01"]

1. e4 e6 2. d4 d5 3. e5 c5 4. c3 Nc6 5. Nf3 Qb6 6. a3 Nh6 7. b4 cxd4 8. Bxh6
gxh6 9. cxd4 Rg8 10. Nc3 Bd7 11. Na4 Qc7 12. Rc1 a6 13. g3 b6 14. Bd3 Qb7 15.
Bxh7 Rg7 16. Bd3 Na7 17. Qb3 Nb5 18. Nc3 Nxc3 19. Rxc3 a5 20. b5 Be7 21. Ke2
Rc8 22. Rhc1 Rxc3 23. Qxc3 Kd8 24. Rc2 Rg8 25. a4 Bb4 26. Qb2 Ke7 27. Qc1 Rc8
28. Rxc8 Qxc8 29. Qxc8 Bxc8 30. Ke3 f6 31. exf6+ Kxf6 32. Ne5 Bd6 33. Ng4+ Kg7
34. f4 Bd7 35. Ne5 Be8 36. g4 Ba3 37. f5 exf5 38. Bxf5 Kf6 39. Bd7 Bg6 40. Bc6
Bc1+ 41. Ke2 Bb2 42. Nxg6 Kxg6 43. Kd3 Kf6 44. Bxd5 Ke7 45. Ke4 Kf6 46. Bc4 Ba3
47. h4 Bb4 48. d5 Bd6 49. g5+ hxg5 50. h5 g4 51. h6 Kg6 52. h7 Kxh7 53. Kf5 Kg7
54. Ke6 Bc5 55. Kd7 Kf8 56. d6 g3 57. Bd5 Bd4 58. Kc7 Be5 59. Bc6 Kf7 60. Kxb6
Bxd6 61. Kxa5 Ke7 62. Ka6 Kd8 63. Kb7 Bb4 64. Bg2 Ba5 65. Bh3 Bb4 66. b6 Bc3
67. Ka7 1-0

[Event "4NCL/Div2/BCCA-KH"]
[Site "Rd2-Birmingham"]
[Date "1999.10.10"]
[Round "2.6"]
[White "Gilfillan, Andrew"]
[Black "Milnes, Anthony"]
[Result "1-0"]
[WhiteElo "1976"]
[BlackElo "2056"]
[PlyCount "79"]
[EventDate "1999.10.10"]
[Source "Britbase"]
[SourceDate "2000.01.01"]

1. d4 f5 2. Bg5 Nc6 3. Nc3 g6 4. e3 Bg7 5. h4 Nf6 6. h5 b6 7. Nf3 d6 8. d5 Ne5
9. Bb5+ Bd7 10. Nd4 Kf7 11. h6 Bf8 12. f4 Neg4 13. Bc6 Bxc6 14. Nxc6 Qd7 15.
Qd4 Re8 16. O-O-O e5 17. dxe6+ Rxe6 18. Bxf6 Nxf6 19. Qc4 d5 20. Nb8 Qc8 21.
Nxd5 Nxd5 22. Rxd5 Qxb8 23. Rd7+ Be7 24. Rxc7 Rd8 25. Qc3 Rf6 26. Qe5 Qxc7 27.
Qxc7 Rfd6 28. Qxa7 R8d7 29. Qa6 Rd5 30. Qc4 Bc5 31. Qb3 Kf8 32. Qc3 Ke7 33. a3
Kd8 34. b4 Rc7 35. bxc5 Rdxc5 36. Qd3+ Kc8 37. Rd1 Rc3 38. Qa6+ Rb7 39. Qa8+
Kc7 40. Qd8+ 1-0

[Event "4NCL/Div2/BCCA-KH"]
[Site "Rd2-Birmingham"]
[Date "1999.10.10"]
[Round "2.7"]
[White "Hardman, Michael"]
[Black "Brown, Graham"]
[Result "1/2-1/2"]
[WhiteElo "2008"]
[BlackElo "1776"]
[PlyCount "166"]
[EventDate "1999.10.10"]
[Source "Britbase"]
[SourceDate "2000.01.01"]

1. e4 d5 2. exd5 Nf6 3. c4 e6 4. d4 exd5 5. Nf3 Bb4+ 6. Bd2 Bxd2+ 7. Nbxd2 O-O
8. Be2 Nc6 9. O-O Qd6 10. cxd5 Qxd5 11. Nc4 Be6 12. Nce5 Nxe5 13. dxe5 Nd7 14.
Qc2 Qc6 15. Qxc6 bxc6 16. b3 Bd5 17. Rac1 Rfe8 18. Rfd1 Nxe5 19. Nxe5 Rxe5 20.
Bc4 Bxc4 21. Rxc4 Rae8 22. g3 g6 23. Rxc6 Re2 24. Rxc7 Rxa2 25. Rdd7 Rf8 26.
Rxa7 Rxa7 27. Rxa7 Rb8 28. Ra3 f5 29. Kg2 Kf7 30. Kf3 g5 31. Ke3 h5 32. f4 Re8+
33. Kf3 g4+ 34. Kf2 Rb8 35. Ke3 Re8+ 36. Kd2 Rd8+ 37. Kc3 Rc8+ 38. Kb2 Re8 39.
Ra2 Re4 40. Ka3 h4 41. Rg2 h3 42. Rd2 Re1 43. Kb2 Re4 44. Kc3 Re3+ 45. Kc2 Re4
46. Kd3 Re7 47. b4 Rd7+ 48. Kc3 Rc7+ 49. Kb3 Rb7 50. Rd5 Ke6 51. Re5+ Kf6 52.
b5 Rc7 53. Re2 Rc1 54. Rc2 Re1 55. Rb2 Ke6 56. Kc3 Kd7 57. Kd2 Rh1 58. Ke3 Kc7
59. Kd4 Re1 60. b6+ Kb7 61. Kc5 Rc1+ 62. Kd5 Re1 63. Kd4 Re4+ 64. Kd3 Re1 65.
Rb5 Rd1+ 66. Ke3 Re1+ 67. Kd4 Re2 68. Rxf5 Rxh2 69. Rg5 Rd2+ 70. Ke4 h2 71. Rh5
Rg2 72. f5 Rxg3 73. Rxh2 Rg1 74. Rh5 g3 75. Kf3 Kxb6 76. Rg5 Kc7 77. Rxg3 Rxg3+
78. Kxg3 Kd7 79. Kg4 Ke8 80. Kg5 Kf7 81. f6 Kf8 82. Kf5 Kf7 83. Ke5 Kf8 1/2-1/2

[Event "4NCL/Div2/BCCA-KH"]
[Site "Rd2-Birmingham"]
[Date "1999.10.10"]
[Round "2.8"]
[White "Kelly, Alexandra"]
[Black "Walker, Heather"]
[Result "1-0"]
[WhiteElo "1576"]
[BlackElo "1384"]
[PlyCount "83"]
[EventDate "1999.10.10"]
[Source "Britbase"]
[SourceDate "2000.01.01"]

1. e4 c5 2. Nc3 d6 3. f4 Nc6 4. Nf3 g6 5. Bc4 Bg7 6. O-O Nf6 7. Qe1 O-O 8. d3
Nd7 9. f5 Kh8 10. fxg6 fxg6 11. Qh4 Nf6 12. Ng5 Ne5 13. Rxf6 h5 14. Nf7+ Nxf7
15. Rxf7 Rxf7 16. Bxf7 Qf8 17. Qf4 Be5 18. Qh6+ Qxh6 19. Bxh6 Bd4+ 20. Kh1 Kh7
21. Bg5 e6 22. Be8 b6 23. Bc6 Rb8 24. Rf1 Ba6 25. a4 Bxc3 26. bxc3 b5 27. Kg1
b4 28. cxb4 cxb4 29. Rf7+ Kg8 30. Rxa7 Bc8 31. Ra8 Rxa8 32. Bxa8 Ba6 33. Bd2 b3
34. cxb3 Bxd3 35. b4 Bc2 36. a5 Ba4 37. a6 Bb5 38. a7 e5 39. Bd5+ Kg7 40. a8=Q
g5 41. Qg8+ Kf6 42. Qf7# 1-0

[Event "4NCL/Div2/GU2-PP"]
[Site "Rd2-Birmingham"]
[Date "1999.10.10"]
[Round "2.1"]
[White "Anderton, Matthew"]
[Black "Swanson, Stephen"]
[Result "1-0"]
[WhiteElo "2216"]
[BlackElo "2283"]
[PlyCount "43"]
[EventDate "1999.10.10"]
[Source "Britbase"]
[SourceDate "2000.01.01"]

1. e4 g6 2. d4 Bg7 3. Nc3 c6 4. Bc4 d6 5. Qf3 e6 6. Nge2 Nd7 7. Qg3 Qe7 8. Bg5
Bf6 9. h4 Bxg5 10. hxg5 e5 11. f4 exd4 12. Nxd4 d5 13. Bd3 dxe4 14. O-O-O Nc5
15. Bxe4 Qc7 16. Qe3 Ne7 17. Nxc6 bxc6 18. Qxc5 Be6 19. Qd4 Rf8 20. Nb5 cxb5
21. Bxa8 Nf5 22. Bc6+ 1-0

[Event "4NCL/Div2/GU2-PP"]
[Site "Rd2-Birmingham"]
[Date "1999.10.10"]
[Round "2.2"]
[White "Hammond, Andrew"]
[Black "James, Russell"]
[Result "1-0"]
[WhiteElo "2212"]
[BlackElo "2204"]
[PlyCount "61"]
[EventDate "1999.10.10"]
[Source "Britbase"]
[SourceDate "2000.01.01"]

1. d4 Nf6 2. c4 e6 3. Nc3 Bb4 4. Qc2 O-O 5. a3 Bxc3+ 6. Qxc3 b5 7. cxb5 c6 8.
f3 Nd5 9. Qd3 f5 10. Nh3 cxb5 11. e4 Nf6 12. exf5 Nc6 13. fxe6 dxe6 14. Be3 Nd5
15. Ng5 Rf5 16. h4 h6 17. g4 Nxe3 18. Qxe3 Nxd4 19. Bd3 Qb6 20. Kf2 Rf6 21.
Bh7+ Kh8 22. Be4 Rb8 23. Rad1 e5 24. Kg2 Bb7 25. Rh3 Rbf8 26. Nh7 Ne6 27. Qxb6
axb6 28. Nxf6 Nf4+ 29. Kh2 Nxh3 30. Bxb7 Nf2 31. Rd2 1-0

[Event "4NCL/Div2/GU2-PP"]
[Site "Rd2-Birmingham"]
[Date "1999.10.10"]
[Round "2.3"]
[White "Sharpe, Ian"]
[Black "Rosen, Daniel"]
[Result "1/2-1/2"]
[WhiteElo "2240"]
[BlackElo "2239"]
[PlyCount "96"]
[EventDate "1999.10.10"]
[Source "Britbase"]
[SourceDate "2000.01.01"]

1. c4 e5 2. Nc3 d6 3. Nf3 f5 4. d4 e4 5. Nd2 Nf6 6. e3 Be7 7. f3 exf3 8. Nxf3
O-O 9. Bd3 c6 10. O-O Na6 11. Bd2 Nc7 12. Qc2 g6 13. e4 fxe4 14. Nxe4 Nxe4 15.
Bxe4 Bf5 16. Rae1 Qd7 17. Bg5 Bxe4 18. Qxe4 Rxf3 19. Qxe7 Rxf1+ 20. Rxf1 Qxe7
21. Bxe7 d5 22. Bd6 Ne6 23. cxd5 cxd5 24. Be5 Rf8 25. Rc1 Kf7 26. Rc3 Rd8 27.
g4 Rd7 28. Kg2 Ng5 29. Rc8 Ke6 30. h4 Ne4 31. Rc2 Rf7 32. Bb8 a6 33. Be5 Rf8
34. b3 Rf7 35. a4 Rf8 36. b4 Rf7 37. Rc8 Rf2+ 38. Kg1 Rf7 39. Rc2 Rf3 40. Kg2
Rc3 41. Rb2 Ra3 42. a5 Nc3 43. Bg7 Ra2 44. Rxa2 Nxa2 45. Bf8 Nc3 46. Kf3 Ne4
47. Kf4 Kf6 48. Bc5 Ke6 1/2-1/2

[Event "4NCL/Div2/GU2-PP"]
[Site "Rd2-Birmingham"]
[Date "1999.10.10"]
[Round "2.4"]
[White "Moore, Gerald"]
[Black "Richardson, Keith"]
[Result "1/2-1/2"]
[WhiteElo "2202"]
[BlackElo "2216"]
[PlyCount "39"]
[EventDate "1999.10.10"]
[Source "Britbase"]
[SourceDate "2000.01.01"]

1. e4 g6 2. d4 Bg7 3. Nc3 d6 4. f4 Nc6 5. Be3 Nf6 6. Nf3 O-O 7. Qd2 a6 8. Bd3
b5 9. e5 Ng4 10. O-O-O Bb7 11. h3 Nxe3 12. Qxe3 e6 13. g4 Qe7 14. f5 dxe5 15.
dxe5 Nxe5 16. Nxe5 Bxh1 17. fxg6 Bb7 18. gxf7+ Rxf7 19. Nxf7 Qxf7 20. Be4
1/2-1/2

[Event "4NCL/Div2/GU2-PP"]
[Site "Rd2-Birmingham"]
[Date "1999.10.10"]
[Round "2.5"]
[White "Sharp, Peter"]
[Black "Ledger, Stephen"]
[Result "1/2-1/2"]
[WhiteElo "2144"]
[BlackElo "2162"]
[PlyCount "113"]
[EventDate "1999.10.10"]
[Source "Britbase"]
[SourceDate "2000.01.01"]

1. d4 Nf6 2. c4 c5 3. Nf3 cxd4 4. Nxd4 e5 5. Nf3 Nc6 6. e3 Bc5 7. Nc3 O-O 8. a3
a5 9. Bd3 d6 10. O-O Bg4 11. h3 Bh5 12. b3 Re8 13. Qc2 Bxf3 14. gxf3 g6 15. Kh2
Rc8 16. Bb2 Ne7 17. Rad1 Qd7 18. Rg1 Ba7 19. f4 Qc6 20. fxe5 dxe5 21. Be4 Nxe4
22. Qxe4 Red8 23. Nd5 Nxd5 24. cxd5 Qc5 25. Bxe5 Re8 26. Kh1 Qe7 27. f4 f6 28.
d6 Qd7 29. Rxg6+ hxg6 30. Qxg6+ Qg7 31. Qxg7+ Kxg7 32. d7 fxe5 33. fxe5 Rcd8
34. dxe8=Q Rxe8 35. Rd7+ Kg6 36. Rxb7 Bxe3 37. Rb5 Bd2 38. b4 axb4 39. axb4 Kf5
40. Kg2 Bc3 41. Rb7 Bxe5 42. b5 Rg8+ 43. Kf2 Rg3 44. Rf7+ Ke4 45. b6 Rxh3 46.
b7 Rh2+ 47. Ke1 Rb2 48. Re7 Kd5 49. Kd1 Bd6 50. Kc1 Rb4 51. Rh7 Kc6 52. Kc2 Bc7
53. Kc3 Rxb7 54. Kc4 Ra7 55. Rh6+ Bd6 56. Rh5 Ra4+ 57. Kd3 1/2-1/2

[Event "4NCL/Div2/GU2-PP"]
[Site "Rd2-Birmingham"]
[Date "1999.10.10"]
[Round "2.6"]
[White "Hansen, Hans-Peter"]
[Black "Noyce, Robert"]
[Result "0-1"]
[WhiteElo "2056"]
[BlackElo "2177"]
[PlyCount "76"]
[EventDate "1999.10.10"]
[Source "Britbase"]
[SourceDate "2000.01.01"]

1. c4 Nf6 2. g3 g6 3. Bg2 Bg7 4. Nc3 O-O 5. d3 d6 6. Bg5 h6 7. Bd2 e5 8. e4 Nc6
9. Nge2 Ne8 10. O-O Rb8 11. Be3 Nd4 12. Qd2 Kh7 13. Bxd4 exd4 14. Nb5 a6 15.
Nbxd4 c5 16. Nb3 b5 17. Rac1 Qb6 18. Rc2 Nc7 19. Rb1 Ne6 20. f4 f5 21. exf5
gxf5 22. h3 Bb7 23. Nc3 Nd4 24. Nxd4 Bxd4+ 25. Kh2 b4 26. Nd5 Bxd5 27. Bxd5 b3
28. axb3 Qxb3 29. Re1 Rbe8 30. Re6 Rxe6 31. Bxe6 Kg7 32. Qg2 Kf6 33. Bd5 Qxd3
34. Re2 Rb8 35. Re6+ Kg7 36. Bb7 Qxc4 37. g4 Kh7 38. g5 Qxe6 0-1

[Event "4NCL/Div2/GU2-PP"]
[Site "Rd2-Birmingham"]
[Date "1999.10.10"]
[Round "2.7"]
[White "Punnett, Alan"]
[Black "James, Stephen"]
[Result "1-0"]
[WhiteElo "2149"]
[BlackElo "1808"]
[PlyCount "67"]
[EventDate "1999.10.10"]
[Source "Britbase"]
[SourceDate "2000.01.01"]

1. d4 Nf6 2. c4 g6 3. Nc3 Bg7 4. Nf3 O-O 5. e4 d6 6. Be2 e5 7. O-O Nc6 8. d5
Ne7 9. b4 Nh5 10. Re1 Nf4 11. Bf1 f5 12. Bxf4 exf4 13. e5 dxe5 14. Nxe5 Kh8 15.
Qb3 g5 16. Rad1 Rf6 17. c5 Ng6 18. Nxg6+ Rxg6 19. Bb5 Qf6 20. Re8+ Bf8 21. Rde1
Rg8 22. d6 cxd6 23. Bc4 Rg6 24. Nd5 Qg7 25. Nc7 Rb8 26. Rxf8+ Qxf8 27. Re8 Bd7
28. Qc3+ Rg7 29. Rxf8+ Rxf8 30. cxd6 h6 31. Be6 Kh7 32. Qe5 Bc6 33. Bxf5+ Kg8
34. Ne6 1-0

[Event "4NCL/Div2/GU2-PP"]
[Site "Rd2-Birmingham"]
[Date "1999.10.10"]
[Round "2.8"]
[White "Vann, Monica"]
[Black "Goodwin, Lydia"]
[Result "0-1"]
[WhiteElo "1624"]
[BlackElo "1688"]
[PlyCount "68"]
[EventDate "1999.10.10"]
[Source "Britbase"]
[SourceDate "2000.01.01"]

1. e4 c5 2. f4 d6 3. Nf3 Nc6 4. Bc4 e6 5. O-O Be7 6. d4 d5 7. exd5 exd5 8. Bb5
Nf6 9. Nc3 O-O 10. Re1 Bg4 11. Be2 Bxf3 12. Bxf3 Nxd4 13. Bxd5 Nxd5 14. Nxd5
Bh4 15. Re5 f6 16. Rh5 f5 17. c4 g6 18. Rxh4 Qxh4 19. Be3 Rae8 20. Bf2 Qg4 21.
Qxg4 fxg4 22. Rd1 Ne2+ 23. Kh1 b6 24. g3 g5 25. Be3 gxf4 26. Bxf4 Nxf4 27. Nxf4
Re4 28. b3 Re7 29. Nd5 Re2 30. Nf4 Rxa2 31. Rd5 Re8 32. Rd1 Rb2 33. Nd5 Kg7 34.
Nf4 Rxb3 0-1

[Event "4NCL/Div2/IKHH2-BR2"]
[Site "Rd2-Birmingham"]
[Date "1999.10.10"]
[Round "2.1"]
[White "Gurr, Lyndon"]
[Black "Rudd, Jack"]
[Result "0-1"]
[WhiteElo "2048"]
[BlackElo "2185"]
[PlyCount "52"]
[EventDate "1999.10.10"]
[Source "Britbase"]
[SourceDate "2000.01.01"]

1. Nf3 Nf6 2. c4 g6 3. Nc3 Bg7 4. g3 O-O 5. Bg2 d6 6. d3 e5 7. O-O Nc6 8. a3
Nh5 9. e4 f5 10. exf5 Bxf5 11. Nh4 Bd7 12. Ne4 Nd4 13. Be3 Nf4 14. Bxf4 exf4
15. Nd2 c6 16. Nb3 Ne6 17. d4 g5 18. Nf3 g4 19. Ne1 f3 20. Nxf3 gxf3 21. Bxf3
Ng5 22. Bg4 Qc8 23. Bxd7 Qxd7 24. Qh5 Qf5 25. Kg2 Qe4+ 26. f3 Nxf3 0-1